| 000 | 00566 a2200205 4500 | ||
|---|---|---|---|
| 005 | 20260513103646.0 | ||
| 008 | 260512b |||||||| |||| 00| 0 eng d | ||
| 020 |
_a8170770190 _cRs. 300.00 |
||
| 040 | _aMAIN | ||
| 082 |
_a294.1 _bS13V |
||
| 100 | _aSidhantalankar, Satyawart | ||
| 245 | _aVedik vichardhara ka vaigyanik aadhar | ||
| 260 |
_aDelhi _bVijaykumar Govindram Hasanand _c2022 |
||
| 300 | _a420 | ||
| 650 | _aVedas- Scientific Aspects | ||
| 650 | _aVedic Literature | ||
| 650 | _aScience in the Vedas | ||
| 650 | _aHindu Philosophy | ||
| 942 | _cBK | ||
| 999 |
_c397034 _d397034 |
||